HINTS FOR A YOUNG PRINCESS. (Record no. 1271373)

MARC details
000 -LEADER
fixed length control field 00467nam a2200181Ia 4500
008 - FIXED-LENGTH DATA ELEMENTS--GENERAL INFORMATION
fixed length control field 151202s9999||||xx |||||||||||||| ||und||
082 ## - DEWEY DECIMAL CLASSIFICATION NUMBER
Item number PNVM-5379
100 ## - MAIN ENTRY--PERSONAL NAME
Personal name CADELL (T.) PUB.
245 ## - TITLE STATEMENT
Title HINTS FOR A YOUNG PRINCESS.
260 ## - PUBLICATION, DISTRIBUTION, ETC. (IMPRINT)
Name of publisher, distributor, etc "T.CADELL, LONDON."
260 ## - PUBLICATION, DISTRIBUTION, ETC. (IMPRINT)
Date of publication, distribution, etc 1805
300 ## - PHYSICAL DESCRIPTION
Extent 330
600 ## - SUBJECT ADDED ENTRY--PERSONAL NAME
Personal name CADELL (T.) PUB.
630 ## - SUBJECT ADDED ENTRY--UNIFORM TITLE
Uniform title HINTS FOR A YOUNG PRINCESS.
700 ## - ADDED ENTRY--PERSONAL NAME
Personal name CADELL (T.) PUB.
730 ## - ADDED ENTRY--UNIFORM TITLE
Uniform title HINTS FOR A YOUNG PRINCESS.
942 ## - ADDED ENTRY ELEMENTS (KOHA)
Koha item type Book
Holdings
Withdrawn status Lost status Damaged status Not for loan Home library Current library Date acquired Cost, normal purchase price Total Checkouts Full call number Barcode Date last seen Cost, replacement price Price effective from Koha item type
        Pune Nagar Vachan Mandir, Pune Pune Nagar Vachan Mandir, Pune 06/21/2015 0.00   PNVM-5379 PNVM-5379 12/02/2015 0.00 12/02/2015 Book